000 00326nam a2200145Ia 4500
100 _aShammi Sukh
650 _aPhilosophy
942 _cBK
654 _aboost
245 _aHow to Boost your self confidence
260 _bBetter Yourself Books
_aBandra
_c2001
082 _a170/SHA
_bSHA
300 _a86
546 _aENGLISH
999 _c26782
_d26782